<?xml version="1.0" encoding="UTF-8"?>
<collection xmlns="http://www.loc.gov/MARC21/slim">
<record>
  <controlfield tag="001">7403</controlfield>
  <controlfield tag="005">20250122193830.0</controlfield>
  <datafield tag="037" ind1=" " ind2=" ">
    <subfield code="a">CTALK-2025-0043</subfield>
  </datafield>
  <datafield tag="100" ind1=" " ind2=" ">
    <subfield code="a">Rivoldini, Attilio</subfield>
  </datafield>
  <datafield tag="245" ind1=" " ind2=" ">
    <subfield code="a">Implications of Mercury's core composition on its libration and present-day thermal state</subfield>
  </datafield>
  <datafield tag="260" ind1=" " ind2=" ">
    <subfield code="c">2024</subfield>
  </datafield>
  <datafield tag="269" ind1=" " ind2=" ">
    <subfield code="c">2024-09-11</subfield>
  </datafield>
  <datafield tag="520" ind1=" " ind2=" ">
    <subfield code="a">Data from the MErcury Surface, Space ENvironment GEochemistry and Ranging (MESSENGER) spacecraft revealed that Mercury's surface is volatile-rich and iron depleted. In particular the high sulfur concentration in surface lavas and their low iron content are indicative that Mercury formed under highly reducing conditions. Consequently, its core likely contains a significant amount of silicon along a smaller fraction of sulfur. Additionally, the low surface reflectance and spectral measurements support the presence of substantial amounts of carbon on its surface. Several lines of evidence indicate that Mercury was carbon-saturated early in its evolution and for this reason carbon might be abundant in its core.Unlike silicon, carbon and sulfur have a strong decreasing effect on the melting temperature of iron and as such, even small amounts of these elements imply a relatively low present-day core liquidus, affecting the inner core radius and magnetic field generation. The partitioning behaviour of light elements between solid inner- and liquid outer impact the density structure of the core and the gravitational coupling strength between the mantle and inner core. As a result, the amplitude of the longitudinal libration of Mercury can be affected by its core composition. Here we study the effect of the core composition on Mercury's present-day thermal state and assess how its forced and free libration are affected.</subfield>
  </datafield>
  <datafield tag="536" ind1=" " ind2=" ">
    <subfield code="a">3PRODPLANINT/</subfield>
    <subfield code="c">3PRODPLANINT/</subfield>
    <subfield code="f">3PRODPLANINT</subfield>
  </datafield>
  <datafield tag="594" ind1=" " ind2=" ">
    <subfield code="a">NO</subfield>
  </datafield>
  <datafield tag="700" ind1=" " ind2=" ">
    <subfield code="a">Van Hoolst, Tim</subfield>
  </datafield>
  <datafield tag="773" ind1=" " ind2=" ">
    <subfield code="t">EPSC 2024, Berlin, Germany</subfield>
  </datafield>
  <datafield tag="856" ind1="0" ind2=" ">
    <subfield code="f">attilio.rivoldini@ksb-orb.be</subfield>
  </datafield>
  <datafield tag="856" ind1="4" ind2=" ">
    <subfield code="s">428909</subfield>
    <subfield code="u">http://publi2-as.oma.be/record/7403/files/Mercury EPSC 2024.pdf</subfield>
  </datafield>
  <datafield tag="856" ind1="4" ind2=" ">
    <subfield code="s">6010</subfield>
    <subfield code="u">http://publi2-as.oma.be/record/7403/files/Mercury EPSC 2024.gif?subformat=icon</subfield>
    <subfield code="x">icon</subfield>
  </datafield>
  <datafield tag="856" ind1="4" ind2=" ">
    <subfield code="s">6446</subfield>
    <subfield code="u">http://publi2-as.oma.be/record/7403/files/Mercury EPSC 2024.jpg?subformat=icon-180</subfield>
    <subfield code="x">icon-180</subfield>
  </datafield>
  <datafield tag="906" ind1=" " ind2=" ">
    <subfield code="a">Contributed</subfield>
  </datafield>
  <datafield tag="980" ind1=" " ind2=" ">
    <subfield code="a">CTALKCONT</subfield>
  </datafield>
</record>
</collection>